Catálogo

ES USTED UN BUEN GERENTE? (Registro nro. 26975)

Detalles MARC
000 -LEADER
fixed length control field 00460nam a2200181 a 4500
001 - CONTROL NUMBER
control field 26975
005 - DATE AND TIME OF LATEST TRANSACTION
control field 20180713225614.0
008 - FIXED-LENGTH DATA ELEMENTS--GENERAL INFORMATION
fixed length control field 140415s1988 mx 000 0 spa d
020 ## - INTERNATIONAL STANDARD BOOK NUMBER
International Standard Book Number 9684224176
041 ## - LANGUAGE CODE
Language code of text/sound track or separate title spa
082 ## - DEWEY DECIMAL CLASSIFICATION NUMBER
Classification number 658.4095
Item number DICH
100 1# - MAIN ENTRY--PERSONAL NAME
Personal name DICHTER, ERNEST
245 10 - TITLE STATEMENT
Title ES USTED UN BUEN GERENTE?
250 ## - EDITION STATEMENT
Edition statement 1a ed.
260 ## - PUBLICATION, DISTRIBUTION, ETC.
Place of publication, distribution, etc. MEXICO :
Name of publisher, distributor, etc. MC GRAW HILL,
Date of publication, distribution, etc. 1988
300 ## - PHYSICAL DESCRIPTION
Extent 169
Dimensions 7 x 2 x 14
650 14 - SUBJECT ADDED ENTRY--TOPICAL TERM
Topical term or geographic name entry element ADMINISTRACION
Existencias
Withdrawn status Lost status Source of classification or shelving scheme Damaged status Not for loan Collection code Home library Current library Shelving location Date acquired Source of acquisition Total Checkouts Full call number Barcode Date last seen Date last checked out Price effective from Koha item type
    Dewey Decimal Classification     General Tehuacán Tehuacán Sala general 03/12/2013 Compra 1 658.4095 DICH 500042 08/01/2025 27/08/2024 03/12/2013 Libro